| 000 | 00843nam a2200193Ii 4500 | ||
|---|---|---|---|
| 003 | JO-AjNU | ||
| 008 | 230605s9999||||xx |||||||||||||| ||und|| | ||
| 040 |
_aJO-AjNU _bara _erda _cJO-AjNU |
||
| 041 | _aara | ||
| 050 | 1 | 4 | _aBP75.2.M86 |
| 100 | 3 |
_aالحسيني،محمود ابو الفيض المنوفي, _eauthor _920624 |
|
| 245 | 0 | 0 | _aسيرة سيد المرسلين صاحب الشريعة الاسلامية ورسول الله النبي محمد، ج1+ج2 |
| 264 | 3 | 1 | _aالقاهرة:دار نهضة مصر للطبع والنشر،د.ت |
| 300 |
_aج1+ج2، 260ص _bجزآن في مجلد واحد |
||
| 336 |
_atext _btxt _2rdacontent |
||
| 337 |
_aunmediated _bn _2rdamedia |
||
| 338 |
_avolume _bnc _2rdacarrier |
||
| 650 | 4 |
_aالثقافة الاسلامية-السيرة النبوية-الاحاديث-الاسلام _920625 |
|
| 999 |
_aA7022 _c10590 _d10590 |
||